00774cam a22002411a 450000100060000000300080000600500170001400800410003103500190007203500200009104000420011104100080015304300120016108200250017310000180019824500410021626000320025730000410028950400410033065000320037165000720040365000570047576642BD-RjUL20211209082852.0191229s1963 enk 000 0 eng  a(BD-RjUL)76866 a(OCoLC)12580818 aDLCcNKipMdFJdNBrockUdUkdDLCbeng aeng ae-uk-en a709.42223bBUE 19631 aBuxton, John.10aElizabethan taste /cby John Buxton. aLondon :bMacmillan,c1963. axiv, 370 p. :bill. ports. ;c23 cm. a"Notes and references" ; p. 339-356. 0aArt, Englishy16th century. 0aEnglish literatureyEarly modern, 1500-1700xHistory and criticism. 0aMusiczEnglandy16th centuryxHistory and criticism.